01606nam a2200301 i 45000010005000000030009000050050017000140080041000310200018000720800007000902450276000972600126003733000030004994900071005296500023006007000038006237000052006617000037007137000040007507100055007907100077008458300079009228520022010018520022010239990015010459520122010609520122011825608ES-MaACL20251002195038.0881221s1984 sp a ||||1| spa d a84-7433-312-1 a7200aArquitectura, técnica y naturaleza en el ocaso de la modernidad :bcurso de la Universidad Internacional Menéndez Pelayo / cdirigido por Antonio Fernández Alba ; [colaboran] R. Aroca, J.A. García Diego... [et al.] ; edición a cargo de Luis Fernández-Galiano. aMadrid : bServcio de Publicaciones, Secretaría General Técnica, Ministerio de Obras Públicas y Urbanismo, c[1984] a214 p. : bil. ; c24 cm.1 aMonografías de la Dirección General de Arquitectura y Vivienda 4aArquitectura999861 aFernández Alba, Antonio.9494421 aAroca Hernández-Ros, Ricardo, d1940-91750671 aGarcía-Diego, José A.9545411 aFernández Galiano, Luis A.9498002 aUniversidad Internacional Menéndez Pelayo.973841 aEspaña. bDirección General para la Vivienda y Arquitectura.91612921 aMonografías de la Dirección General de Arquitectura y Vivienda92277074 aES-MaACLjL-102374 aES-MaACLjL-12382 c5608d5608 00104070aATENEOMbATENEOMcDEPO2d2008-01-17eSCl0oL-12382p1005684r2023-02-23 00:00:00w2023-02-23yMONOGRAFIA 00104070aATENEOMbATENEOMcDEPO2d2008-01-17eSCl0oL-10237p1005685r2023-02-23 00:00:00w2023-02-23yMONOGRAFIA